000 00990nam a2200277 a 4500
008
020 _a0080425186
049 _aMAIN
090 _aGC101.2
245 0 0 _aSeawater :
_bits composition, properties, and behaviour /
_cprepared by an Open University Course Team.
250 _a2nd ed. / rev. for the course team by John Wright and Angela Colling.
260 _aOxford :
_bPergamon Press in association with the Open University,
_c1995.
300 _a168 p. :
_bill. (some col.) ;
_c26 cm.
500 _aPrepared by the Oceanography Course Team.
504 _aIncludes bibliographical references: p. 144.
500 _aIncludes index.
650 0 _aSeawater
_xComposition.
700 1 _aWright, John.
700 1 _aColling, Angela.
710 2 _aOpen University.
_bOceanography Course Team.
907 _a.b10076748
_b26-06-03
_c12-06-03
003
005 20230123133307.0
040 _cNUST
942 _cBOOKS
_kGC101.2
999 _c146102
_d146102